| 000 | 005130000a22001810004500 | ||
|---|---|---|---|
| 003 | MACL | ||
| 005 | 20160412115909.0 | ||
| 008 | 160412b xxu||||| |||| 00| 0 eng d | ||
| 040 |
_aMACL _cMACL |
||
| 041 | _aHindi | ||
| 082 | _a590 SIN | ||
| 100 |
_aसिन्हा सुरेश _941856 |
||
| 245 | _aथलचर पशु | ||
| 260 |
_bअनन्त साहित्य _c2008 _aनई दिल्ली |
||
| 350 | _a160 | ||
| 650 |
_aZoology _951900 |
||
| 942 |
_cHIN _k590/SIN _2ddc |
||
| 999 |
_c41409 _d41409 |
||